00474nam a2200157Ia 4500001001000000003000500010008004100015010001100056040000900067100002100076245009100097260004600188300001000234440003100244650004100275Para_4530CHAP220125s1916 xx 000 0 und d a203011 cCHAP aChittenden, F. H aThe pink corn-worm :b an insect destructive to corn in the crib /c F. H. Chittenden aWashington :b Department of Agriculture a20 p. aEUA. Dept. Agri. Bull; 363 aBatrachedra rileyi Maíz x Plagas